000 00919nmm a2200277 a 4500
001 ocm000593326
003 TR-IsHL
005 20201028134747.0
008 131203s2008 tu tur
007 cr cn
020 _a9789759044398
035 _a593326
_b(N$T)
050 0 4 _aBD241
_b.P35 2008
090 0 4 _aBD241
_b.P35 2008
100 1 _aE. Palmer, Richard
245 1 0 _aHermenotik
_h[electronic resource] /
_cRichard E. Palmer ; çev. İbrahim Görener
260 _aİstanbul :
_bAğaç Kitabevi Yayınları,
_c2008
300 _a360 p.
650 4 _aFelsefe, Psikoloji ve Din
650 4 _aPhilosophy, Psychology and Religion
650 0 _aHermenötik
650 0 _aHermeneutics
650 7 _aRELIGION / Biblical Studies / Exegesis & Hermeneutics
_2bisacsh
700 1 _aGörener, İbrahim
856 4 0 _uhttp://search.ebscohost.com/login.aspx?direct=true&scope=site&db=e011xww&AN=593326
999 _c6370
_d6370